| 000 | 00471nam a2200193Ia 4500 | ||
|---|---|---|---|
| 005 | 20240823015950.0 | ||
| 008 | 240823s9999||||xx |||||||||||||| ||und|| | ||
| 020 | _a1-56032-432-5 | ||
| 041 | _aENGLISH | ||
| 082 | _A620.11296 P3 | ||
| 100 | _a"Gaskell,David R" | ||
| 245 | 0 | _aThermodynamics of Materials | |
| 250 | _a3rd | ||
| 260 |
_c2003 _bTaylo |
||
| 500 | _aTRANSFERED | ||
| 650 |
_aThermodynamics _bAeronautical Engineering |
||
| 942 | _cBK | ||
| 999 |
_c173655 _d173655 |
||